Các khoa học về trái đất
Αποθηκεύτηκε σε:
| Μορφή: | Περιοδική έκδοση |
|---|---|
| Γλώσσα: | Vietnamese |
| Ετικέτες: |
Προσθήκη ετικέτας
Δεν υπάρχουν, Καταχωρήστε ετικέτα πρώτοι!
|
| Thư viện lưu trữ: | Trung tâm Học liệu Lê Vũ Hùng, Trường Đại học Đồng Tháp |
|---|
| LEADER | 00381nas a22001338a 4500 | ||
|---|---|---|---|
| 001 | 00040115 | ||
| 005 | 20180611160600.0 | ||
| 008 | 171027s########-vm#################vie|d | ||
| 020 | # | # | |c 2500 |
| 041 | # | # | |a vie |
| 245 | # | # | |a Các khoa học về trái đất |
| 910 | # | # | |b ndquang |d 27/10/2017 |
| 980 | # | # | |a Trung tâm Học liệu Lê Vũ Hùng, Trường Đại học Đồng Tháp |